| 000 | 00896 a2200277 4500 | ||
|---|---|---|---|
| 001 | 35980 | ||
| 999 |
_c35980 _d5513 |
||
| 003 | TR-AnTOB | ||
| 005 | 20210714113928.0 | ||
| 008 | 110312s1994 tu 000 0 d | ||
| 040 |
_aTRTET _cTRTET _dOCLCQ |
||
| 041 | _atur | ||
| 050 |
_aPL202 _b.O4 1994 |
||
| 090 | _aREF PL202 .O4 1994 | ||
| 100 |
_aOlgun, Tahir, _d1877-1951 _925974 |
||
| 245 | 0 |
_aEdebiyat lügatı / _cTahir'ül-Mevlevi ; neşre hazırlayan Kemal Edib Kürkçüoğlu. |
|
| 264 | 1 |
_aİstanbul : _bEnderun Kitabevi, _c1994. |
|
| 300 |
_a184 s.; _c24 cm. |
||
| 490 | 0 |
_aEnderun Yayınları ; _v3 |
|
| 650 |
_aLiterature _xTurkish _vDictionaries _925977 |
||
| 650 | 0 |
_aTurkish literature _vDictionaries _916961 |
|
| 650 | 7 |
_aTürk edebiyatı _vSözlükler _2etuturkob _916960 |
|
| 650 |
_aEdebiyat _vSözlükler _xTürkçe _925976 |
||
| 700 |
_aKürkçüoğlu, Kemal Edib, _d1901-1978 _925975 |
||
| 902 | _a0015569 | ||
| 942 | _cREF | ||